00492nam a2200133Ia 4500008004100000100002100041245004500062260006900107300001100176650001100187856006800198999001900266952007300285160712s9999 xx 000 0 und d aDamasing, Ramon. cRamon DamasingaThe Door and Other Poems c2013bLikhaan: The Journal of Contemporary Philippine Literature avol. 7 xPOETRY uhttp://journals.upd.edu.ph/index.php/lik/issue/view/537/showToc c297343d297343 001040aCLbCLd2016-07-12l0r2016-07-12 00:00:00w2016-07-12yFEJ